Physics for joint entrance examination JEE (Advanced) : (Record no. 141013)

MARC details
000 -LEADER
fixed length control field 00752nam a22002057a 4500
005 - DATE AND TIME OF LATEST TRANSACTION
control field 20170612153821.0
020 ## - INTERNATIONAL STANDARD BOOK NUMBER
International Standard Book Number 9788131529683
Terms of availability 695.00
035 ## - SYSTEM CONTROL NUMBER
System control number B-669704
037 ## - SOURCE OF ACQUISITION
Source of stock number/acquisition Asian Book Centre/Ven
Stock number dpl
082 ## - DEWEY DECIMAL CLASSIFICATION NUMBER
Classification number 510
100 ## - MAIN ENTRY--PERSONAL NAME
Personal name Sharma, B.M.
245 ## - TITLE STATEMENT
Title Physics for joint entrance examination JEE (Advanced) :
Statement of responsibility, etc by G.Tewani
Remainder of title mechanics /
250 ## - EDITION STATEMENT
Edition statement 2nd ed
260 ## - PUBLICATION, DISTRIBUTION, ETC. (IMPRINT)
Date of publication, distribution, etc 2016
Place of publication, distribution, etc Delhi
Name of publisher, distributor, etc Cengage Learning
270 ## - ADDRESS
Address 418,F.I.E.,Patparganj
City Delhi
Postal code 110092
300 ## - PHYSICAL DESCRIPTION
Dimensions 27cm(pbk)
Extent various pagings :
Other physical details ill.
490 ## - SERIES STATEMENT
Series statement Cengage Learning's exam crack series
942 ## - ADDED ENTRY ELEMENTS (KOHA)
Item type English Books
Source of classification or shelving scheme Dewey Decimal Classification
Call number suffix TEW
Classification part 510
Holdings
Withdrawn status Lost status Not for loan Collection code Home library Current library Date acquired Source of acquisition Cost, normal purchase price Full call number Barcode Copy number Cost, replacement price Koha item type
      Non-fiction Ashok Vihar Ashok Vihar 12/06/2017 695.00 695.00 510 TEW B-669704 1 695.00 English Books

© Delhi Public Library
Hit Counter
free hit counter